<?xml version="1.0" encoding="UTF-8"?>
<record
    xmlns:xsi="http://www.w3.org/2001/XMLSchema-instance"
    xsi:schemaLocation="http://www.loc.gov/MARC21/slim http://www.loc.gov/standards/marcxml/schema/MARC21slim.xsd"
    xmlns="http://www.loc.gov/MARC21/slim">

  <leader>00366    a2200169   4500</leader>
  <controlfield tag="001">184898</controlfield>
  <datafield tag="020" ind1=" " ind2=" ">
    <subfield code="a">85-322-0594-1</subfield>
  </datafield>
  <datafield tag="040" ind1=" " ind2=" ">
    <subfield code="c">Magnum</subfield>
  </datafield>
  <datafield tag="100" ind1=" " ind2=" ">
    <subfield code="a">Rocha, Ruth</subfield>
  </datafield>
  <datafield tag="240" ind1="1" ind2="0">
    <subfield code="a">A decis&#xE3;o do campeonato</subfield>
    <subfield code="l">por</subfield>
  </datafield>
  <datafield tag="245" ind1="1" ind2="0">
    <subfield code="a">A decis&#xE3;o do campeonato</subfield>
  </datafield>
  <datafield tag="300" ind1=" " ind2=" ">
    <subfield code="a">30</subfield>
  </datafield>
  <datafield tag="362" ind1="0" ind2=" ">
    <subfield code="a">1999</subfield>
  </datafield>
  <datafield tag="440" ind1=" " ind2="1">
    <subfield code="a">FTD</subfield>
  </datafield>
  <datafield tag="697" ind1=" " ind2=" ">
    <subfield code="a">LITERATURA INFANTO-JUVENIL</subfield>
  </datafield>
  <datafield tag="942" ind1=" " ind2=" ">
    <subfield code="c">BK</subfield>
  </datafield>
  <datafield tag="952" ind1=" " ind2=" ">
    <subfield code="0">0</subfield>
    <subfield code="1">0</subfield>
    <subfield code="4">0</subfield>
    <subfield code="7">0</subfield>
    <subfield code="a">32.5</subfield>
    <subfield code="b">32.5</subfield>
    <subfield code="d">2024-06-08</subfield>
    <subfield code="l">0</subfield>
    <subfield code="o">869.2.290</subfield>
    <subfield code="p">MAG00046416</subfield>
    <subfield code="r">2024-06-08 21:03:54</subfield>
    <subfield code="w">2024-06-08</subfield>
    <subfield code="y">BK</subfield>
  </datafield>
  <datafield tag="952" ind1=" " ind2=" ">
    <subfield code="0">0</subfield>
    <subfield code="1">0</subfield>
    <subfield code="4">0</subfield>
    <subfield code="7">0</subfield>
    <subfield code="a">32.5</subfield>
    <subfield code="b">32.5</subfield>
    <subfield code="d">2024-06-08</subfield>
    <subfield code="l">0</subfield>
    <subfield code="o">869.2.290</subfield>
    <subfield code="p">MAG00046417</subfield>
    <subfield code="r">2024-06-08 21:03:54</subfield>
    <subfield code="w">2024-06-08</subfield>
    <subfield code="y">BK</subfield>
  </datafield>
  <datafield tag="952" ind1=" " ind2=" ">
    <subfield code="0">0</subfield>
    <subfield code="1">0</subfield>
    <subfield code="4">0</subfield>
    <subfield code="7">0</subfield>
    <subfield code="a">32.5</subfield>
    <subfield code="b">32.5</subfield>
    <subfield code="d">2024-06-08</subfield>
    <subfield code="l">0</subfield>
    <subfield code="o">869.2.290</subfield>
    <subfield code="p">MAG00046418</subfield>
    <subfield code="r">2024-06-08 21:03:54</subfield>
    <subfield code="w">2024-06-08</subfield>
    <subfield code="y">BK</subfield>
  </datafield>
  <datafield tag="952" ind1=" " ind2=" ">
    <subfield code="0">0</subfield>
    <subfield code="1">0</subfield>
    <subfield code="4">0</subfield>
    <subfield code="7">0</subfield>
    <subfield code="a">32.5</subfield>
    <subfield code="b">32.5</subfield>
    <subfield code="d">2024-06-08</subfield>
    <subfield code="l">0</subfield>
    <subfield code="o">869.2.290</subfield>
    <subfield code="p">MAG00046419</subfield>
    <subfield code="r">2024-06-08 21:03:55</subfield>
    <subfield code="w">2024-06-08</subfield>
    <subfield code="y">BK</subfield>
  </datafield>
  <datafield tag="952" ind1=" " ind2=" ">
    <subfield code="0">0</subfield>
    <subfield code="1">0</subfield>
    <subfield code="4">0</subfield>
    <subfield code="7">0</subfield>
    <subfield code="a">32.5</subfield>
    <subfield code="b">32.5</subfield>
    <subfield code="d">2024-06-08</subfield>
    <subfield code="l">0</subfield>
    <subfield code="o">869.2.290</subfield>
    <subfield code="p">MAG00046420</subfield>
    <subfield code="r">2024-06-08 21:03:55</subfield>
    <subfield code="w">2024-06-08</subfield>
    <subfield code="y">BK</subfield>
  </datafield>
  <datafield tag="952" ind1=" " ind2=" ">
    <subfield code="0">0</subfield>
    <subfield code="1">0</subfield>
    <subfield code="4">0</subfield>
    <subfield code="7">0</subfield>
    <subfield code="a">32.5</subfield>
    <subfield code="b">32.5</subfield>
    <subfield code="d">2024-06-08</subfield>
    <subfield code="l">0</subfield>
    <subfield code="o">869.2.290</subfield>
    <subfield code="p">MAG00046421</subfield>
    <subfield code="r">2024-06-08 21:03:55</subfield>
    <subfield code="w">2024-06-08</subfield>
    <subfield code="y">BK</subfield>
  </datafield>
  <datafield tag="952" ind1=" " ind2=" ">
    <subfield code="0">0</subfield>
    <subfield code="1">0</subfield>
    <subfield code="4">0</subfield>
    <subfield code="7">0</subfield>
    <subfield code="a">32.5</subfield>
    <subfield code="b">32.5</subfield>
    <subfield code="d">2024-06-08</subfield>
    <subfield code="l">0</subfield>
    <subfield code="o">869.2.290</subfield>
    <subfield code="p">MAG00046422</subfield>
    <subfield code="r">2024-06-08 21:03:55</subfield>
    <subfield code="w">2024-06-08</subfield>
    <subfield code="y">BK</subfield>
  </datafield>
  <datafield tag="952" ind1=" " ind2=" ">
    <subfield code="0">0</subfield>
    <subfield code="1">0</subfield>
    <subfield code="4">0</subfield>
    <subfield code="7">0</subfield>
    <subfield code="a">32.5</subfield>
    <subfield code="b">32.5</subfield>
    <subfield code="d">2024-06-08</subfield>
    <subfield code="l">0</subfield>
    <subfield code="o">869.2.290</subfield>
    <subfield code="p">MAG00046423</subfield>
    <subfield code="r">2024-06-08 21:03:55</subfield>
    <subfield code="w">2024-06-08</subfield>
    <subfield code="y">BK</subfield>
  </datafield>
  <datafield tag="952" ind1=" " ind2=" ">
    <subfield code="0">0</subfield>
    <subfield code="1">0</subfield>
    <subfield code="4">0</subfield>
    <subfield code="7">0</subfield>
    <subfield code="a">32.5</subfield>
    <subfield code="b">32.5</subfield>
    <subfield code="d">2024-06-08</subfield>
    <subfield code="l">0</subfield>
    <subfield code="o">869.2.290</subfield>
    <subfield code="p">MAG00046424</subfield>
    <subfield code="r">2024-06-08 21:03:55</subfield>
    <subfield code="w">2024-06-08</subfield>
    <subfield code="y">BK</subfield>
  </datafield>
  <datafield tag="952" ind1=" " ind2=" ">
    <subfield code="0">0</subfield>
    <subfield code="1">0</subfield>
    <subfield code="4">0</subfield>
    <subfield code="7">0</subfield>
    <subfield code="a">32.5</subfield>
    <subfield code="b">32.5</subfield>
    <subfield code="d">2024-06-08</subfield>
    <subfield code="l">0</subfield>
    <subfield code="o">869.2.290</subfield>
    <subfield code="p">MAG00046425</subfield>
    <subfield code="r">2024-06-08 21:03:55</subfield>
    <subfield code="w">2024-06-08</subfield>
    <subfield code="y">BK</subfield>
  </datafield>
  <datafield tag="952" ind1=" " ind2=" ">
    <subfield code="0">0</subfield>
    <subfield code="1">0</subfield>
    <subfield code="4">0</subfield>
    <subfield code="7">0</subfield>
    <subfield code="a">32.5</subfield>
    <subfield code="b">32.5</subfield>
    <subfield code="d">2024-06-08</subfield>
    <subfield code="l">0</subfield>
    <subfield code="o">869.2.290</subfield>
    <subfield code="p">MAG00046426</subfield>
    <subfield code="r">2024-06-08 21:03:55</subfield>
    <subfield code="w">2024-06-08</subfield>
    <subfield code="y">BK</subfield>
  </datafield>
  <datafield tag="952" ind1=" " ind2=" ">
    <subfield code="0">0</subfield>
    <subfield code="1">0</subfield>
    <subfield code="4">0</subfield>
    <subfield code="7">0</subfield>
    <subfield code="a">32.5</subfield>
    <subfield code="b">32.5</subfield>
    <subfield code="d">2024-06-08</subfield>
    <subfield code="l">0</subfield>
    <subfield code="o">869.2.290</subfield>
    <subfield code="p">MAG00046427</subfield>
    <subfield code="r">2024-06-08 21:03:55</subfield>
    <subfield code="w">2024-06-08</subfield>
    <subfield code="y">BK</subfield>
  </datafield>
  <datafield tag="952" ind1=" " ind2=" ">
    <subfield code="0">0</subfield>
    <subfield code="1">0</subfield>
    <subfield code="4">0</subfield>
    <subfield code="7">0</subfield>
    <subfield code="a">32.5</subfield>
    <subfield code="b">32.5</subfield>
    <subfield code="d">2024-06-08</subfield>
    <subfield code="l">0</subfield>
    <subfield code="o">869.2.290</subfield>
    <subfield code="p">MAG00046428</subfield>
    <subfield code="r">2024-06-08 21:03:55</subfield>
    <subfield code="w">2024-06-08</subfield>
    <subfield code="y">BK</subfield>
  </datafield>
  <datafield tag="952" ind1=" " ind2=" ">
    <subfield code="0">0</subfield>
    <subfield code="1">0</subfield>
    <subfield code="4">0</subfield>
    <subfield code="7">0</subfield>
    <subfield code="a">32.5</subfield>
    <subfield code="b">32.5</subfield>
    <subfield code="d">2024-06-08</subfield>
    <subfield code="l">0</subfield>
    <subfield code="o">869.2.290</subfield>
    <subfield code="p">MAG00046429</subfield>
    <subfield code="r">2024-06-08 21:03:55</subfield>
    <subfield code="w">2024-06-08</subfield>
    <subfield code="y">BK</subfield>
  </datafield>
  <datafield tag="952" ind1=" " ind2=" ">
    <subfield code="0">0</subfield>
    <subfield code="1">0</subfield>
    <subfield code="4">0</subfield>
    <subfield code="7">0</subfield>
    <subfield code="a">32.5</subfield>
    <subfield code="b">32.5</subfield>
    <subfield code="d">2024-06-08</subfield>
    <subfield code="l">0</subfield>
    <subfield code="o">869.2.290</subfield>
    <subfield code="p">MAG00046430</subfield>
    <subfield code="r">2024-06-08 21:03:55</subfield>
    <subfield code="w">2024-06-08</subfield>
    <subfield code="y">BK</subfield>
  </datafield>
  <datafield tag="952" ind1=" " ind2=" ">
    <subfield code="0">0</subfield>
    <subfield code="1">0</subfield>
    <subfield code="4">0</subfield>
    <subfield code="7">0</subfield>
    <subfield code="a">32.5</subfield>
    <subfield code="b">32.5</subfield>
    <subfield code="d">2024-06-08</subfield>
    <subfield code="l">0</subfield>
    <subfield code="o">869.2.290</subfield>
    <subfield code="p">MAG00046431</subfield>
    <subfield code="r">2024-06-08 21:03:55</subfield>
    <subfield code="w">2024-06-08</subfield>
    <subfield code="y">BK</subfield>
  </datafield>
  <datafield tag="952" ind1=" " ind2=" ">
    <subfield code="0">0</subfield>
    <subfield code="1">0</subfield>
    <subfield code="4">0</subfield>
    <subfield code="7">0</subfield>
    <subfield code="a">32.5</subfield>
    <subfield code="b">32.5</subfield>
    <subfield code="d">2024-06-08</subfield>
    <subfield code="l">0</subfield>
    <subfield code="o">869.2.290</subfield>
    <subfield code="p">MAG00046432</subfield>
    <subfield code="r">2024-06-08 21:03:55</subfield>
    <subfield code="w">2024-06-08</subfield>
    <subfield code="y">BK</subfield>
  </datafield>
  <datafield tag="952" ind1=" " ind2=" ">
    <subfield code="0">0</subfield>
    <subfield code="1">0</subfield>
    <subfield code="4">0</subfield>
    <subfield code="7">0</subfield>
    <subfield code="a">32.5</subfield>
    <subfield code="b">32.5</subfield>
    <subfield code="d">2024-06-08</subfield>
    <subfield code="l">0</subfield>
    <subfield code="o">869.2.290</subfield>
    <subfield code="p">MAG00046433</subfield>
    <subfield code="r">2024-06-08 21:03:55</subfield>
    <subfield code="w">2024-06-08</subfield>
    <subfield code="y">BK</subfield>
  </datafield>
  <datafield tag="952" ind1=" " ind2=" ">
    <subfield code="0">0</subfield>
    <subfield code="1">0</subfield>
    <subfield code="4">0</subfield>
    <subfield code="7">0</subfield>
    <subfield code="a">32.5</subfield>
    <subfield code="b">32.5</subfield>
    <subfield code="d">2024-06-08</subfield>
    <subfield code="l">0</subfield>
    <subfield code="o">869.2.290</subfield>
    <subfield code="p">MAG00046434</subfield>
    <subfield code="r">2024-06-08 21:03:55</subfield>
    <subfield code="w">2024-06-08</subfield>
    <subfield code="y">BK</subfield>
  </datafield>
  <datafield tag="952" ind1=" " ind2=" ">
    <subfield code="0">0</subfield>
    <subfield code="1">0</subfield>
    <subfield code="4">0</subfield>
    <subfield code="7">0</subfield>
    <subfield code="a">32.5</subfield>
    <subfield code="b">32.5</subfield>
    <subfield code="d">2024-06-08</subfield>
    <subfield code="l">0</subfield>
    <subfield code="o">869.2.290</subfield>
    <subfield code="p">MAG00046435</subfield>
    <subfield code="r">2024-06-08 21:03:55</subfield>
    <subfield code="w">2024-06-08</subfield>
    <subfield code="y">BK</subfield>
  </datafield>
  <datafield tag="952" ind1=" " ind2=" ">
    <subfield code="0">0</subfield>
    <subfield code="1">0</subfield>
    <subfield code="4">0</subfield>
    <subfield code="7">0</subfield>
    <subfield code="a">32.5</subfield>
    <subfield code="b">32.5</subfield>
    <subfield code="d">2024-06-08</subfield>
    <subfield code="l">0</subfield>
    <subfield code="o">869.2.290</subfield>
    <subfield code="p">MAG00046436</subfield>
    <subfield code="r">2024-06-08 21:03:55</subfield>
    <subfield code="w">2024-06-08</subfield>
    <subfield code="y">BK</subfield>
  </datafield>
  <datafield tag="952" ind1=" " ind2=" ">
    <subfield code="0">0</subfield>
    <subfield code="1">0</subfield>
    <subfield code="4">0</subfield>
    <subfield code="7">0</subfield>
    <subfield code="a">32.5</subfield>
    <subfield code="b">32.5</subfield>
    <subfield code="d">2024-06-08</subfield>
    <subfield code="l">0</subfield>
    <subfield code="o">869.2.290</subfield>
    <subfield code="p">MAG00046437</subfield>
    <subfield code="r">2024-06-08 21:03:55</subfield>
    <subfield code="w">2024-06-08</subfield>
    <subfield code="y">BK</subfield>
  </datafield>
  <datafield tag="952" ind1=" " ind2=" ">
    <subfield code="0">0</subfield>
    <subfield code="1">0</subfield>
    <subfield code="4">0</subfield>
    <subfield code="7">0</subfield>
    <subfield code="a">32.5</subfield>
    <subfield code="b">32.5</subfield>
    <subfield code="d">2024-06-08</subfield>
    <subfield code="l">0</subfield>
    <subfield code="o">869.2.290</subfield>
    <subfield code="p">MAG00046438</subfield>
    <subfield code="r">2024-06-08 21:03:55</subfield>
    <subfield code="w">2024-06-08</subfield>
    <subfield code="y">BK</subfield>
  </datafield>
  <datafield tag="952" ind1=" " ind2=" ">
    <subfield code="0">0</subfield>
    <subfield code="1">0</subfield>
    <subfield code="4">0</subfield>
    <subfield code="7">0</subfield>
    <subfield code="a">32.5</subfield>
    <subfield code="b">32.5</subfield>
    <subfield code="d">2024-06-08</subfield>
    <subfield code="l">0</subfield>
    <subfield code="o">869.2.290</subfield>
    <subfield code="p">MAG00046439</subfield>
    <subfield code="r">2024-06-08 21:03:55</subfield>
    <subfield code="w">2024-06-08</subfield>
    <subfield code="y">BK</subfield>
  </datafield>
  <datafield tag="952" ind1=" " ind2=" ">
    <subfield code="0">0</subfield>
    <subfield code="1">0</subfield>
    <subfield code="4">0</subfield>
    <subfield code="7">0</subfield>
    <subfield code="a">32.5</subfield>
    <subfield code="b">32.5</subfield>
    <subfield code="d">2024-06-08</subfield>
    <subfield code="l">0</subfield>
    <subfield code="o">869.2.290</subfield>
    <subfield code="p">MAG00046440</subfield>
    <subfield code="r">2024-06-08 21:03:55</subfield>
    <subfield code="w">2024-06-08</subfield>
    <subfield code="y">BK</subfield>
  </datafield>
  <datafield tag="952" ind1=" " ind2=" ">
    <subfield code="0">0</subfield>
    <subfield code="1">0</subfield>
    <subfield code="4">0</subfield>
    <subfield code="7">0</subfield>
    <subfield code="a">32.5</subfield>
    <subfield code="b">32.5</subfield>
    <subfield code="d">2024-06-08</subfield>
    <subfield code="l">0</subfield>
    <subfield code="o">869.2.290</subfield>
    <subfield code="p">MAG00046441</subfield>
    <subfield code="r">2024-06-08 21:03:55</subfield>
    <subfield code="w">2024-06-08</subfield>
    <subfield code="y">BK</subfield>
  </datafield>
  <datafield tag="952" ind1=" " ind2=" ">
    <subfield code="0">0</subfield>
    <subfield code="1">0</subfield>
    <subfield code="4">0</subfield>
    <subfield code="7">0</subfield>
    <subfield code="a">32.5</subfield>
    <subfield code="b">32.5</subfield>
    <subfield code="d">2024-06-08</subfield>
    <subfield code="l">0</subfield>
    <subfield code="o">869.2.290</subfield>
    <subfield code="p">MAG00046442</subfield>
    <subfield code="r">2024-06-08 21:03:56</subfield>
    <subfield code="w">2024-06-08</subfield>
    <subfield code="y">BK</subfield>
  </datafield>
  <datafield tag="952" ind1=" " ind2=" ">
    <subfield code="0">0</subfield>
    <subfield code="1">0</subfield>
    <subfield code="4">0</subfield>
    <subfield code="7">0</subfield>
    <subfield code="a">32.5</subfield>
    <subfield code="b">32.5</subfield>
    <subfield code="d">2024-06-08</subfield>
    <subfield code="l">0</subfield>
    <subfield code="o">869.2.290</subfield>
    <subfield code="p">MAG00046443</subfield>
    <subfield code="r">2024-06-08 21:03:56</subfield>
    <subfield code="w">2024-06-08</subfield>
    <subfield code="y">BK</subfield>
  </datafield>
  <datafield tag="952" ind1=" " ind2=" ">
    <subfield code="0">0</subfield>
    <subfield code="1">0</subfield>
    <subfield code="4">0</subfield>
    <subfield code="7">0</subfield>
    <subfield code="a">32.5</subfield>
    <subfield code="b">32.5</subfield>
    <subfield code="d">2024-06-08</subfield>
    <subfield code="l">0</subfield>
    <subfield code="o">869.2.290</subfield>
    <subfield code="p">MAG00046444</subfield>
    <subfield code="r">2024-06-08 21:03:56</subfield>
    <subfield code="w">2024-06-08</subfield>
    <subfield code="y">BK</subfield>
  </datafield>
  <datafield tag="952" ind1=" " ind2=" ">
    <subfield code="0">0</subfield>
    <subfield code="1">0</subfield>
    <subfield code="4">0</subfield>
    <subfield code="7">0</subfield>
    <subfield code="a">32.5</subfield>
    <subfield code="b">32.5</subfield>
    <subfield code="d">2024-06-08</subfield>
    <subfield code="l">0</subfield>
    <subfield code="o">869.2.290</subfield>
    <subfield code="p">MAG00046445</subfield>
    <subfield code="r">2024-06-08 21:03:56</subfield>
    <subfield code="w">2024-06-08</subfield>
    <subfield code="y">BK</subfield>
  </datafield>
  <datafield tag="952" ind1=" " ind2=" ">
    <subfield code="0">0</subfield>
    <subfield code="1">0</subfield>
    <subfield code="4">0</subfield>
    <subfield code="7">0</subfield>
    <subfield code="a">32.5</subfield>
    <subfield code="b">32.5</subfield>
    <subfield code="d">2024-06-08</subfield>
    <subfield code="l">0</subfield>
    <subfield code="o">869.2.290</subfield>
    <subfield code="p">MAG00046446</subfield>
    <subfield code="r">2024-06-08 21:03:56</subfield>
    <subfield code="w">2024-06-08</subfield>
    <subfield code="y">BK</subfield>
  </datafield>
  <datafield tag="952" ind1=" " ind2=" ">
    <subfield code="0">0</subfield>
    <subfield code="1">0</subfield>
    <subfield code="4">0</subfield>
    <subfield code="7">0</subfield>
    <subfield code="a">32.5</subfield>
    <subfield code="b">32.5</subfield>
    <subfield code="d">2024-06-08</subfield>
    <subfield code="l">0</subfield>
    <subfield code="o">869.2.290</subfield>
    <subfield code="p">MAG00046447</subfield>
    <subfield code="r">2024-06-08 21:03:56</subfield>
    <subfield code="w">2024-06-08</subfield>
    <subfield code="y">BK</subfield>
  </datafield>
  <datafield tag="952" ind1=" " ind2=" ">
    <subfield code="0">0</subfield>
    <subfield code="1">0</subfield>
    <subfield code="4">0</subfield>
    <subfield code="7">0</subfield>
    <subfield code="a">32.5</subfield>
    <subfield code="b">32.5</subfield>
    <subfield code="d">2024-06-08</subfield>
    <subfield code="l">0</subfield>
    <subfield code="o">869.2.290</subfield>
    <subfield code="p">MAG00046448</subfield>
    <subfield code="r">2024-06-08 21:03:56</subfield>
    <subfield code="w">2024-06-08</subfield>
    <subfield code="y">BK</subfield>
  </datafield>
  <datafield tag="999" ind1=" " ind2=" ">
    <subfield code="c">184898</subfield>
    <subfield code="d">184898</subfield>
  </datafield>
</record>
